Soubor cykloturistických map Libereckého kraje Kollektion von Touristischen Karten für Radfahrer des Gebiets von Liberec

Korporativní autor: Liberecký kraj (Česko : 2000-). Krajský úřad
Jazyk: Němčina
Čeština
Vydáno: Liberec : Liberecký kraj - odbor kultury, památkové péče, tělovýchovy a sportu, cestovního ruchu, 2003
Edice: Liberecer Region
Liberecký kraj
Témata:
Fyzický popis: [9] map v obalu ; 42 x 30 cm složených na 21 x 10 cm
Mapy
Uloženo v:
LEADER 01990nem a2200445 a 4500
001 000686863
003 CZ BrMZK
005 20071009132906.0
007 a c
008 030910s2003 xr XX 0 cze d
020 |a 80-7279-345-4  |q (brož.) 
034 1 |a a  |b 75000 
040 |a BOA001  |b cze 
041 0 |a cze  |a ger 
043 |a e-xr---  |b e-xr-li  |2 czenas 
072 7 |a 913(4)  |x Geografie Evropy, reálie, cestování  |2 Konspekt  |9 7 
080 |a 796.61  |2 MRF 
080 |a 913(437.316)  |2 MRF 
080 |a 912.43:796.61  |2 MRF 
080 |a (084.3)  |2 MRF 
245 0 0 |a Soubor cykloturistických map Libereckého kraje  |h [kartografický dokument] =  |b Kollektion von Touristischen Karten für Radfahrer des Gebiets von Liberec 
246 3 1 |a Kollektion von Touristischen Karten für Radfahrer des Gebiets von Liberec 
255 |a 1:75 000 
260 |a Liberec :  |b Liberecký kraj - odbor kultury, památkové péče, tělovýchovy a sportu, cestovního ruchu,  |c 2003 
300 |a [9] map v obalu ;  |c 42 x 30 cm složených na 21 x 10 cm 
490 1 |a Liberecer Region 
490 1 |a Liberecký kraj 
500 |a Na rubu stručný vlastivědný text česky a německy 
500 |a Vydáno ve spolupráci s Geodézií ČS 
505 0 0 |t Podještědí --  |t Lužické hory --  |t Horní Pojizeří --  |t Ralsko --  |t Máchův kraj --  |t Frýdlantsko --  |t Český ráj --  |t Jizerské hory --  |t Krkonoše 
650 0 7 |a cykloturistika  |7 ph114274  |z Česko  |2 czenas 
655 7 |a cykloturistické mapy  |7 fd131996  |2 czenas 
651 7 |a Liberecký kraj (Česko : 2000-)  |7 ge135865  |2 czenas 
710 1 |a Liberecký kraj (Česko : 2000-).  |b Krajský úřad  |7 mzk2002201451 
830 0 |a Liberecer Region 
830 0 |a Liberecký kraj 
910 |a BOA001  |b Mp2-1123.288 
990 |a MP 
996 6 |b 2610199105  |c Mp2-1123.288  |l MZK  |r Sklad / do 1 hodiny  |n 2  |p p.v.  |w 000686863  |u 000010  |a 1  |e BOA001  |j MZK50  |s P 
996 7 |b 2610212696  |c Mp2-1123.288  |l MZK  |r Sklad / do 1 hodiny  |n 4  |p p.v.  |w 000686863  |u 000020  |a 1  |e BOA001  |j MZK50  |s A